000 00699nam a22002537a 4500
003 UA-OsUOA
001 118751
007 ta
008 20160914b un ||||| |||| 00| 0 ukr d
090 _a32
_bФ-56
942 _cMG
040 _aUA-OsUOA
_beng
_cUA-OsUOA
_dUA-OsUOA
245 _aForeign affairs chronicles
_bХроники международных отношений
_cГлав. ред. Кичигин С.
300 _a262 с.
955 _a1
041 _aeng
080 _a32
260 _aК.
_bИнтернет-медиа
246 3 1 _aA Special Section from Foreign Affairs Magazine
_n
044 _aUA
962 _a2013
099 _a68500
650 7 _a32 Політика
_2UDC
999 _c404848
_d404848